| 000 | 00489 a2200193 4500 | ||
|---|---|---|---|
| 005 | 20260408114426.0 | ||
| 008 | 260408b |||||||| |||| 00| 0 eng d | ||
| 020 |
_a9788195161133 _cRs. 595.00 |
||
| 040 | _aMAIN | ||
| 082 |
_a658.45 _bK836C(3) |
||
| 100 | _aKonar, Nira | ||
| 245 | _aCommunication skills for professionals | ||
| 250 | _a3rd | ||
| 260 |
_bPHI Learning _aDelhi _c2025 |
||
| 300 | _axx, 224 | ||
| 650 | _aManagement | ||
| 650 | _aBusiness Communication | ||
| 942 | _cBK | ||
| 999 |
_c396459 _d396459 |
||